[Event "EYb14"]
[Site "Herceg Novi MNE"]
[Date "2008.09.17"]
[Round "3"]
[White "Grib,R"]
[Black "Tallo Dominguez,I"]
[Result "1/2-1/2"]
[WhiteElo "2033"]
[BlackElo "2129"]

1.e4 c5 2.Nf3 d6 3.Bb5+ Bd7 4.Bxd7+ Nxd7 5.O-O g6 6.c3 Bg7 7.d4 cxd4 8.cxd4 Ngf6
9.Nc3 Qa5 10.Re1 O-O 11.Bg5 e5 12.dxe5 dxe5 13.Qe2 h6 14.Bxf6 Nxf6 15.Rad1 Rad8
16.Qc4 Nd7 17.Nd5 Nb8 18.b4 Qa6 19.Qb3 Qe6 20.b5 Nd7 21.Qa3 a6 22.bxa6 Qxa6
23.Qb4 Kh7 24.a4 b6 25.Nd2 Rc8 26.Rc1 Qa5 27.Qxa5 bxa5 28.Nb3 Rb8 29.Nc5 Rfd8
30.Nxd7 Rxd7 31.Rc5 Ra7 32.h3 Bf8 33.Rb5 Rxb5 34.axb5 a4 35.b6 Rb7 36.Ra1 a3
37.Kf1 Bc5 38.Ke2 Kg7 39.f3 Bxb6 40.Nxb6 Rxb6 41.Rxa3 Rb2+ 42.Kf1 h5 43.h4 Rb1+
44.Kf2 Rh1 45.Kg3 Rb1 46.Ra5 Kf6 47.Ra6+ Ke7 48.Ra7+ Ke6 49.Ra6+  1/2-1/2

[Event "IV Geller Memorial"]
[Site "Odessa UKR"]
[Date "2008.09.17"]
[Round "9"]
[White "Shteinberg,B"]
[Black "Mamedov,A"]
[Result "1-0"]
[WhiteElo "2230"]
[BlackElo "2094"]

1.e4 c5 2.Nf3 d6 3.Bb5+ Bd7 4.Bxd7+ Qxd7 5.c4 Nc6 6.d4 cxd4 7.Nxd4 Nf6 8.Nc3 g6
9.O-O Bg7 10.Nf3 O-O 11.Re1 Rac8 12.Qa4 Ng4 13.Bd2 Rfd8 14.Rad1 Nce5 15.Qxd7 Nxd7
16.b3 h6 17.Nd5 Re8 18.h3 Ngf6 19.Nxf6+ Nxf6 20.Bf4 Nd7 21.e5 Nxe5 22.Nxe5 dxe5
23.Bxe5 Bxe5 24.Rxe5 Rc7 25.f4 e6 26.Kf2 Kg7 27.g4 Ree7 28.Ke3 Red7 29.Rc1 Rc8
30.b4 Rcd8 31.Rc3 Rd2 32.Kf3 Rh2 33.Kg3 Rxa2 34.c5 Rb2 35.Re4 g5 36.f5 exf5
37.gxf5 Kf6 38.c6 bxc6 39.Rxc6+ Kg7 40.Kg4 Rbd2 41.Kh5 R8d6 42.Rc7 a6 43.Re6 R2d4
44.f6+ Kf8 45.Rc8+ Rd8 46.Rxd8+ Rxd8 47.Rxa6 Ke8 48.Kxh6 Rd3 49.Kg7 Rxh3
50.Ra8+ Kd7 51.Kxf7 g4 52.Rg8 g3 53.Rg7 Kd6 54.Kg8  1-0

[Event "IV Geller Memorial"]
[Site "Odessa UKR"]
[Date "2008.09.17"]
[Round "9"]
[White "Chudinovskikh,A"]
[Black "Loy,K"]
[Result "1-0"]
[WhiteElo "2371"]
[BlackElo "2104"]

1.e4 c5 2.Nf3 d6 3.Bb5+ Nd7 4.c3 Nf6 5.Qe2 a6 6.Ba4 e5 7.d4 b5 8.Bc2 Be7
9.Nbd2 O-O 10.O-O Bb7 11.d5 Nh5 12.g3 g6 13.Rd1 Ng7 14.a4 bxa4 15.Ne1 f5
16.f3 Nf6 17.Bxa4 h5 18.Ng2 fxe4 19.Nxe4 Nxe4 20.Qxe4 Kh7 21.Bc2 Qe8 22.g4 Qf7
23.Be3 hxg4 24.fxg4 Ne6 25.Rf1 Qg8 26.g5 Qg7 27.Qh4+ Kg8 28.dxe6  1-0

[Event "I Tancats B"]
[Site "Canovelles ESP"]
[Date "2008.09.18"]
[Round "6"]
[White "Munoz Pantoja,M"]
[Black "Panelo,M"]
[Result "1/2-1/2"]
[WhiteElo "2499"]
[BlackElo "2414"]

1.e4 c5 2.Nf3 d6 3.Bb5+ Bd7 4.Bxd7+ Qxd7 5.O-O Nc6 6.c4 Nf6 7.Nc3 e6 8.d4 cxd4
9.Nxd4 Be7 10.b3 O-O 11.Bb2 a6 12.Nc2 Rfd8 13.Ne3 Rac8 14.Qe2 Qc7 15.Rad1 Qa5
16.Kh1 Rb8  1/2-1/2

[Event "EYg16"]
[Site "Herceg Novi MNE"]
[Date "2008.09.18"]
[Round "4"]
[White "Grigorian,Mar"]
[Black "Repina,V"]
[Result "0-1"]
[WhiteElo "2131"]
[BlackElo "2201"]

1.e4 c5 2.Nf3 d6 3.Bb5+ Nc6 4.O-O Bd7 5.Re1 a6 6.Bf1 Bg4 7.c3 Nf6 8.d3 e6
9.Be3 Be7 10.Nbd2 O-O 11.h3 Bh5 12.g3 d5 13.Qb3 b5 14.e5 Nd7 15.d4 c4 16.Qc2 f6
17.exf6 Bxf6 18.Bf4 Re8 19.Ne5 Bxe5 20.Bxe5 Ndxe5 21.dxe5 d4 22.cxd4 Nxd4
23.Qc3 Rc8 24.Rac1 Rf8 25.Qe3 Rc7 26.Bg2 Rcf7 27.Ne4 Rf3 28.Bxf3 Nxf3+ 29.Kf1 Nxe1
30.Rxe1 Qd5 31.f4 Be8 32.Kg1 Bc6 33.Qe2 Rd8 34.Kf2 Qd4+ 35.Kf1 b4 36.Nd6 Qd5
37.Ne4 c3 38.bxc3 Bb5  0-1

[Event "II ROMGAZ Open"]
[Site "Bucharest ROU"]
[Date "2008.09.19"]
[Round "9"]
[White "Ulibin,M"]
[Black "Grigorov,G"]
[Result "1-0"]
[WhiteElo "2520"]
[BlackElo "2465"]

1.e4 c5 2.Nf3 d6 3.Bb5+ Bd7 4.Bxd7+ Qxd7 5.O-O Nf6 6.e5 dxe5 7.Nxe5 Qc8 8.Qf3 e6
9.Nc3 Be7 10.d3 O-O 11.Bf4 Nfd7 12.Nc4 Nc6 13.Rae1 Nd4 14.Qd1 Qc6 15.Re3 b5
16.Ne5 Nxe5 17.Bxe5 f6 18.Bg3 Rad8 19.Rfe1 c4 20.dxc4 Qxc4 21.Rd3 e5 22.a3 a5
23.Qb1 b4 24.axb4 axb4 25.b3 Qc6 26.Ne2 Nxc2 27.Rxd8 Rxd8 28.Rd1 Kf7 29.Rxd8 Bxd8
30.Qd1 Bb6 31.Kf1 Na3 32.Qd3 g6 33.f3 Nc2 34.Bf2 Bxf2 35.Kxf2 Qc5+ 36.Kg3 Ne3
37.Qd7+ Qe7 38.Qc6 f5 39.Kf2 Qa7 40.h3 Ng4+ 41.Ke1 Qf2+ 42.Kd2 Qe3+ 43.Ke1 Qf2+
44.Kd2 Qe3+ 45.Ke1 Nf6 46.Qc4+ Kg7 47.Qxb4 Qa7 48.Qc3 Qe7 49.Qc4 Qd6 50.Nc3 e4
51.Ne2 e3 52.Qd4 Qxd4 53.Nxd4 Nd5 54.g3 Kf6 55.f4 g5 56.fxg5+ Ke5 57.Ne2 Ke4
58.h4 Kf3 59.h5 Kg4 60.Nf4 Ne7 61.g6 hxg6 62.h6  1-0

[Event "Chess City 10th Ann Open"]
[Site "Elista RUS"]
[Date "2008.09.19"]
[Round "5"]
[White "Nyudleev,D"]
[Black "Strelnikov,S"]
[Result "0-1"]
[WhiteElo "2409"]
[BlackElo "2334"]

1.e4 c5 2.Nf3 d6 3.Bb5+ Bd7 4.Bxd7+ Qxd7 5.O-O Nc6 6.Re1 Nf6 7.c3 e6 8.d4 cxd4
9.cxd4 d5 10.e5 Ne4 11.Nbd2 Nxd2 12.Bxd2 Be7 13.Rc1 O-O 14.Rc3 Rfc8 15.a3 b5
16.Rd3 Qd8 17.h3 a5 18.Nh2 a4 19.Ng4 Kh8 20.Ree3 Bg5 21.Rf3 Bxd2 22.Qxd2 Ra7
23.Rc3 Na5 24.Rxc8 Qxc8 25.Qg5 Nc4 26.h4 Nxb2 27.h5 Qf8 28.h6 g6 29.Ne3 Kg8
30.g4 Qxa3 31.Nc4 Qf8 32.Nxb2 a3 33.Qc1 axb2 34.Qxb2 Qxh6 35.Rc3 Qf4 36.Rg3 Ra4
37.Qxb5 Ra1+ 38.Kg2 Qe4+ 39.Rf3 Qxg4+ 40.Rg3 Qd1 41.Qe8+ Kg7 42.Rf3 Qh1+
43.Kg3 Rg1+ 44.Kf4 Qh6+  0-1

[Event "Chess City 10th Ann Open"]
[Site "Elista RUS"]
[Date "2008.09.19"]
[Round "6"]
[White "Borisov,S1"]
[Black "Utegaliyev,A"]
[Result "0-1"]
[WhiteElo "2163"]
[BlackElo "2218"]

1.e4 c5 2.Nf3 d6 3.Bb5+ Nc6 4.d4 cxd4 5.Qxd4 Bd7 6.Bxc6 Bxc6 7.Nc3 h6 8.Be3 e5
9.Qd3 Nf6 10.O-O-O a6 11.Nd2 b5 12.f4 Be7 13.Nf3 Qc7 14.fxe5 dxe5 15.Nd5 Bxd5
16.exd5 Rc8 17.Ne1 Rd8 18.Qf5 Nxd5 19.Rf1 O-O  0-1

[Event "EYg18"]
[Site "Herceg Novi MNE"]
[Date "2008.09.19"]
[Round "5"]
[White "Ohme,M"]
[Black "Kasperek,J"]
[Result "1-0"]
[WhiteElo "2245"]
[BlackElo "2041"]

1.e4 c5 2.Nf3 d6 3.Bb5+ Bd7 4.Bxd7+ Qxd7 5.c4 Nc6 6.O-O e6 7.d4 cxd4 8.Nxd4 Nf6
9.Nc3 Be7 10.Nf3 O-O 11.Qe2 a6 12.Bf4 Rfd8 13.Rfd1 Qc7 14.Rac1 Qa5 15.Bd2 Qc7
16.Bg5 Ne5 17.b3 h6 18.Bf4 Nxf3+ 19.Qxf3 b6 20.Rd3 Rac8 21.Rcd1 Rd7 22.g4 Rcd8
23.h4 Nh7 24.Qg3 Nf8 25.g5 h5 26.Be3 Ng6 27.f4 Qc6 28.a4 Qb7 29.R1d2 d5 30.exd5 Bb4
31.Qf2 exd5 32.Nxd5 Bxd2 33.Rxd2 Rxd5 34.cxd5 Rxd5 35.Qf3 Rd7 36.Qxb7 Rxb7
37.Rd6 b5 38.Rxa6 bxa4 39.bxa4 Nxh4 40.Rb6 Rc7 41.a5 Nf5 42.Bf2 Ne7 43.a6 Nc8
44.Rb7 Rc4 45.Be3 Ra4 46.Rb8 Rxa6 47.Rxc8+ Kh7 48.Kg2 f6 49.gxf6 Rxf6 50.Kg3 Rd6
51.Kh4 Rd5 52.Rc5 Rd1 53.Kxh5 Rh1+ 54.Kg4 Re1 55.Bd4 Re7 56.Be5 g6 57.Rc7 Rxc7
58.Bxc7 Kh6 59.Bd8 Kg7 60.Kg5  1-0

[Event "EYg18"]
[Site "Herceg Novi MNE"]
[Date "2008.09.19"]
[Round "5"]
[White "Vladimirova,M"]
[Black "Chiarion,E"]
[Result "1-0"]
[WhiteElo "2009"]
[BlackElo "1897"]

1.e4 c5 2.Nf3 d6 3.Bb5+ Bd7 4.Bxd7+ Qxd7 5.O-O g6 6.c3 Bg7 7.d4 cxd4 8.cxd4 Nf6
9.e5 Nd5 10.Qb3 Nc7 11.Qxb7 O-O 12.Qe4 Nc6 13.Nc3 Rab8 14.Re1 dxe5 15.Nxe5 Nxe5
16.dxe5 Rfd8 17.g3 Qh3 18.b3 Ne6 19.Nd5 Bf8 20.Nf4 Nxf4 21.Bxf4 Rb5 22.Rad1 Rc8
23.Rc1 Rbc5 24.Rxc5 Rxc5 25.e6 f6 26.Qg2 Qf5 27.Qa8 g5 28.Qe8 Qg6 29.Qxg6+ hxg6
30.Bb8 a6 31.Rd1 Rc6 32.Re1 Rc2 33.a4 Rc6 34.Ba7 Rc7 35.Bb6 Rc6 36.a5 Rc3
37.Rb1 Rc6 38.Re1 Rc3 39.b4 Rc6 40.Rb1 Rxe6 41.b5 axb5 42.Kg2 Rc6 43.Rxb5 Rc8
44.a6 e5 45.a7 Ra8 46.Be3 Bd6 47.Rb7 f5 48.Bc5  1-0

[Event "EYg16"]
[Site "Herceg Novi MNE"]
[Date "2008.09.19"]
[Round "5"]
[White "Stojkovska,M"]
[Black "Goossens,H"]
[Result "1/2-1/2"]
[WhiteElo "1869"]
[BlackElo "1941"]

1.e4 c5 2.Nf3 d6 3.Bb5+ Bd7 4.Bxd7+ Qxd7 5.O-O Nc6 6.c3 Nf6 7.Qe2 e6 8.d4 cxd4
9.cxd4 Be7 10.Nc3 O-O 11.Re1 Rac8 12.d5 Na5 13.dxe6 Qxe6 14.Bg5 h6 15.Bh4 Nc4
16.Nd4 Qd7 17.Nf5 Bd8 18.Rad1 Rc6 19.b3 Nb6 20.Nb5 Nc8 21.Qd3 Be7 22.e5 Ne8
23.Nxe7+ Nxe7 24.Bxe7 Qxe7 25.exd6 Qd8 26.Rc1 Rxc1 27.Rxc1 a6 28.Nc3 Qxd6
29.Qxd6 Nxd6  1/2-1/2

[Event "EYb12"]
[Site "Herceg Novi MNE"]
[Date "2008.09.19"]
[Round "5"]
[White "Lekic,L"]
[Black "Kessler,L"]
[Result "0-1"]
[WhiteElo "1613"]
[BlackElo "1931"]

1.e4 c5 2.Nf3 d6 3.Bb5+ Bd7 4.Bxd7+ Qxd7 5.c4 Nf6 6.Nc3 g6 7.d4 cxd4 8.Nxd4 Bg7
9.f3 Nc6 10.Nde2 O-O 11.Be3 Rfd8 12.O-O e6 13.Bg5 h6 14.Bh4 g5 15.Bg3 Nh5
16.Bf2 Nf6 17.Bg3 d5 18.cxd5 exd5 19.e5 Nh5 20.f4 gxf4 21.Nxf4 Nxg3 22.hxg3 d4
23.Ne4 Nxe5 24.Nh5 Qc6 25.Nhf6+ Kh8 26.Qh5 Nd7 27.g4 Nxf6 28.Nxf6 Rd6 29.g5 d3
30.Kh1 Qb5 31.Ne4 Re6 32.Rxf7 Rg8 33.Nf6 Qxg5 34.Qxg5 hxg5 35.Nxg8 d2 36.Rd1 Kxg8
37.Rf3 g4 38.Rf4 g3 39.Rf3 Kh8 40.Rf4 Re1+ 41.Rf1 Re2 42.b3 Bd4  0-1

[Event "5th CHN-RUS"]
[Site "Ningpo CHN"]
[Date "2008.09.19"]
[Round "2"]
[White "Ni Hua"]
[Black "Svidler,P"]
[Result "1-0"]
[WhiteElo "2705"]
[BlackElo "2738"]

1.e4 c5 2.Nf3 d6 3.Bb5+ Nc6 4.O-O Bd7 5.Re1 Nf6 6.c3 a6 7.Ba4 b5 8.Bc2 e5
9.h3 g6 10.d4 Bg7 11.dxc5 dxc5 12.a4 O-O 13.axb5 axb5 14.Rxa8 Qxa8 15.Qd6 c4
16.Bg5 Be6 17.Nxe5 Nxe5 18.Qxe5 Nd7 19.Qg3 b4 20.cxb4 Bxb2 21.Bd2 Rb8 22.f4 f6
23.Kh1 Bd4 24.Bc3 Bxc3 25.Qxc3 Rb7 26.Qd2 Qf8 27.Nc3 Nb6 28.Qd4 Nd7 29.Rb1 g5
30.e5 Rxb4 31.Rxb4 Qxb4 32.f5 fxe5 33.Qd2 Bf7 34.Qxd7 Qxc3 35.Qd8+ Kg7 36.f6+ Kh6
37.Qf8+ Kh5 38.Qxf7+ Kh4 39.Qxh7+ Kg3 40.Qe4  1-0

[Event "EYg18"]
[Site "Herceg Novi MNE"]
[Date "2008.09.21"]
[Round "6"]
[White "Vladimirova,M"]
[Black "Zhorzholiani,M"]
[Result "1/2-1/2"]
[WhiteElo "2009"]
[BlackElo "2136"]

1.e4 c5 2.Nf3 d6 3.Bb5+ Bd7 4.Bxd7+ Qxd7 5.O-O Nc6 6.c3 Nf6 7.Re1 e6 8.d4 cxd4
9.cxd4 d5 10.e5 Ne4 11.Nbd2 Nxd2 12.Bxd2 Be7 13.Rc1 O-O 14.a3 a5 15.Rc3 f6
16.exf6 Bxf6 17.Bg5 Qf7 18.Bxf6 Qxf6 19.Rce3 Rae8 20.R1e2 Qh6 21.Ne5 Nxe5
22.Rxe5 Rc8 23.Re1 Qf4 24.Qe2 Qxd4 25.Rxe6 Rc6 26.Re8 Rf6 27.Rxf8+ Rxf8 28.h3 Qc5
29.Rd1 Kh8 30.Qd2 Rd8 31.Qg5 Qd6 32.Rd4 h6 33.Qd2 b6 34.Qd3 Re8 35.Qd2 Rd8
36.Qd3 Qe5 37.Qd2 Rd7 38.Qe3 Qd6 39.Qd2 Kg8  1/2-1/2

[Event "EYb14"]
[Site "Herceg Novi MNE"]
[Date "2008.09.21"]
[Round "6"]
[White "Pardo Simon,D"]
[Black "Fedoseev,Vl3"]
[Result "0-1"]
[WhiteElo "2204"]
[BlackElo "2321"]

1.e4 c5 2.Nf3 d6 3.Bb5+ Bd7 4.Bxd7+ Nxd7 5.O-O Ngf6 6.Re1 Rc8 7.b3 g6 8.Bb2 Bg7
9.d4 cxd4 10.Nxd4 O-O 11.c4 Nc5 12.Nc3 Nfd7 13.Nf3 b5 14.cxb5 Nxe4 15.Rxe4 Bxc3
16.Bxc3 Rxc3 17.Qe1 Rc5 18.Rxe7 Ne5 19.Rxa7 Nxf3+ 20.gxf3 Qg5+ 21.Kh1 Qf6
22.Qd1 Re8 23.Ra4 Re1+ 24.Qxe1 Qxf3+ 25.Kg1 Rg5+ 26.Kf1 Qd3+ 27.Qe2 Qh3+
28.Ke1 Qc3+ 29.Qd2 Qxa1+ 30.Ke2 Re5+ 31.Kf3 Qh1+ 32.Kg3 Qg1+ 33.Kf3 Qxh2
34.Rg4 h5 35.Rd4 Qh3+ 36.Kf4 g5+  0-1

[Event "EYb18"]
[Site "Herceg Novi MNE"]
[Date "2008.09.21"]
[Round "6"]
[White "Narmontas,M"]
[Black "Hanley,Ja"]
[Result "1-0"]
[WhiteElo "2369"]
[BlackElo "2243"]

1.e4 c5 2.Nf3 d6 3.Bb5+ Nc6 4.O-O Bd7 5.c3 a6 6.Ba4 Nf6 7.Re1 b5 8.Bc2 e5
9.h3 Be7 10.d4 Qc7 11.Nbd2 O-O 12.Nf1 cxd4 13.cxd4 Nxd4 14.Nxd4 exd4 15.Bf4 Be6
16.Ng3 Nd7 17.Rc1 Qb6 18.Nf5 Bxf5 19.exf5 Bf6 20.Bb3 Be5 21.Qf3 Nc5 22.Bxf7+ Kh8
23.Bxe5 dxe5 24.Rxe5 Na4 25.Bd5 Rad8 26.Re6 Rd6 27.Qf4 Rxd5 28.Rxb6 Nxb6
29.f6 gxf6 30.Rc7 Nd7 31.Qe4  1-0

[Event "5th CHN-RUS"]
[Site "Ningpo CHN"]
[Date "2008.09.21"]
[Round "4"]
[White "Xu Yuhua"]
[Black "Kosintseva,N"]
[Result "1/2-1/2"]
[WhiteElo "2483"]
[BlackElo "2460"]

1.e4 c5 2.Nf3 d6 3.Bb5+ Bd7 4.Bxd7+ Qxd7 5.c4 Nf6 6.Nc3 e6 7.d4 cxd4 8.Nxd4 Be7
9.O-O O-O 10.Be3 Rc8 11.Qe2 Nc6 12.b3 a6 13.Rac1 Rab8 14.Nxc6 Qxc6 15.f3 Qe8
16.Ba7 Ra8 17.Bf2 Rab8 18.Ba7 Ra8 19.Bf2 Rab8 20.Ba7 Ra8 21.Bf2  1/2-1/2

[Event "Open"]
[Site "Yuzhny UKR"]
[Date "2008.09.21"]
[Round "3"]
[White "Kovalev,De"]
[Black "Aliferenko,A"]
[Result "1-0"]
[WhiteElo "2436"]
[BlackElo "2253"]

1.e4 c5 2.Nf3 d6 3.Bb5+ Bd7 4.Bxd7+ Qxd7 5.O-O Nf6 6.Re1 Nc6 7.c4 e6 8.Nc3 Be7
9.d4 cxd4 10.Nxd4 O-O 11.Nf3 Rfd8 12.Bf4 Rac8 13.Qe2 Qe8 14.Rac1 Nd7 15.Red1 Nde5
16.b3 a6 17.Be3 Nxf3+ 18.Qxf3 Ne5 19.Qe2 Qc6 20.f3 h6 21.Rc2 Ng6 22.a4 Ne5
23.a5 Nd7 24.Na4 Nc5 25.Nb6 Rc7 26.b4 Nd7 27.Rdc1 Nf6 28.Nd5 Rcd7 29.b5 Qc8
30.Nb6 Qc7 31.bxa6 bxa6 32.c5 dxc5 33.Nxd7 Nxd7 34.Qxa6 Bg5 35.Bxg5 hxg5
36.Rd2 Ne5 37.Rcd1 Rxd2 38.Rxd2 Nc6 39.Qb6 Qf4 40.Rd1 Qe3+ 41.Kh1 Nb4 42.a6 Kh7
43.Qd6 Qa3 44.Qxc5 Qa4 45.Qd4 e5 46.Ra1 Qxa6 47.Qxe5 Qf6 48.Qxf6 gxf6 49.Kg1 Nd3
50.Ra5 Kg6 51.g3 Ne5 52.Rxe5 fxe5 53.Kf2 Kf6 54.Ke3 Ke6 55.Kd3 Kd6 56.Kc4 Kc6
57.h4 gxh4 58.gxh4 Kd6 59.h5 Ke6 60.h6 Kf6 61.Kd5  1-0

[Event "Chess City 10th Ann Open"]
[Site "Elista RUS"]
[Date "2008.09.22"]
[Round "8"]
[White "Borisov,S1"]
[Black "Arshaev,A"]
[Result "1-0"]
[WhiteElo "2163"]
[BlackElo "1598"]

1.e4 c5 2.Nf3 d6 3.Bb5+ Bd7 4.Bxd7+ Qxd7 5.O-O Nf6 6.Re1 Nc6 7.c4 e5 8.d3 Be7
9.Nc3 O-O 10.Bg5 a6 11.Bxf6 Bxf6 12.Nd5 Bd8 13.h3 Rb8 14.Re2 f5 15.exf5 Rxf5
16.Re4 Ne7 17.Nxe7+ Bxe7 18.Qe2 Rbf8 19.Rf1 Rf4 20.Rxf4 Rxf4 21.Nd2 Rf6 22.Ne4 Rg6
23.Qf3 Bf8 24.Rb1 a5 25.b3 Qf7 26.Qxf7+ Kxf7 27.Nc3 Be7 28.Nd5 Re6 29.f3 Bg5
30.Kf2 Rg6 31.a3 Bd8 32.b4 axb4 33.axb4 b6 34.b5 Bh4+ 35.Kf1 Bd8 36.Ra1 Ke6
37.Ra8 Kd7 38.Rb8 Re6 39.Rb7+ Kc8 40.Rxg7 Rh6 41.Kf2  1-0

[Event "EYg16"]
[Site "Herceg Novi MNE"]
[Date "2008.09.22"]
[Round "7"]
[White "Gvanceladze,An"]
[Black "Paikidze,N"]
[Result "0-1"]
[WhiteElo "2017"]
[BlackElo "2277"]

1.e4 c5 2.Nf3 d6 3.Bb5+ Bd7 4.Bxd7+ Qxd7 5.O-O Nf6 6.Re1 Nc6 7.c3 g6 8.d4 cxd4
9.cxd4 Bg7 10.Nc3 O-O 11.Bf4 Qg4 12.Qd2 e5 13.dxe5 Nh5 14.Bh6 dxe5 15.Bxg7 Nf4
16.Nh4 Kxg7 17.g3 Rad8 18.Qe3 Rd3 19.Qc1 Nd4 20.Kh1 Nf3 21.Re3 Nxh4 22.Rxd3 Nxd3
23.Qe3 Qf3+ 24.Qxf3 Nxf3 25.Kg2 Nd4  0-1

[Event "5th CHN-RUS"]
[Site "Ningpo CHN"]
[Date "2008.09.22"]
[Round "5"]
[White "Xu Yuhua"]
[Black "Pogonina,N"]
[Result "1/2-1/2"]
[WhiteElo "2483"]
[BlackElo "2469"]

1.e4 c5 2.Nf3 d6 3.Bb5+ Bd7 4.Bxd7+ Qxd7 5.c4 Nf6 6.Nc3 g6 7.d4 cxd4 8.Nxd4 Bg7
9.f3 O-O 10.Be3 Nc6 11.O-O a6 12.a4 e6 13.Nde2 Qc7 14.b3 Nd7 15.Rb1 Rfe8
16.Kh1 Nc5 17.Bf2 Rab8 18.h3 Be5 19.f4 Bg7 20.Qc2 Qe7 21.Rfd1 Nb4 22.Qd2 Red8  1/2-1/2

[Event "EYg16"]
[Site "Herceg Novi MNE"]
[Date "2008.09.23"]
[Round "8"]
[White "Stetsko,L"]
[Black "Repina,V"]
[Result "0-1"]
[WhiteElo "2022"]
[BlackElo "2201"]

1.e4 c5 2.Nf3 d6 3.Bb5+ Nc6 4.d4 cxd4 5.Qxd4 Bd7 6.Bxc6 Bxc6 7.Nc3 Nf6 8.Bg5 e6
9.O-O-O Be7 10.Rhe1 O-O 11.Kb1 Qa5 12.Qd2 Kh8 13.Nd4 Rfd8 14.f3 Be8 15.g4 Rac8
16.h4 b5 17.Ncxb5 Qb6 18.Nc3 Rc7 19.Be3 Rb8 20.Nb3 Qb7 21.Ne2 Nd7 22.Bd4 Ne5
23.Qf4 Ng6 24.Qe3 Bxh4 25.Rh1 Kg8 26.f4 h6 27.f5 Bg5 28.Qf3 Ne5 29.Bxe5 dxe5
30.Nc3 a5 31.a4 Qb4 32.Qg3 Bf4 33.Qd3 Bxa4 34.Nxa4 Qxa4 35.fxe6 fxe6 36.Qd6 Qc4
37.Qd3 a4 38.Qxc4 Rxc4 39.Nd2 Rcb4 40.b3 Bxd2 41.Rxd2 axb3  0-1

[Event "EYb14"]
[Site "Herceg Novi MNE"]
[Date "2008.09.24"]
[Round "9"]
[White "Savoisky,D"]
[Black "Pasiev,R"]
[Result "1/2-1/2"]
[WhiteElo "2085"]
[BlackElo "2178"]

1.e4 c5 2.Nf3 d6 3.Bb5+ Nd7 4.d4 a6 5.Be2 cxd4 6.Nxd4 Ngf6 7.f3 g6 8.c4 Bg7
9.Nc3 O-O 10.Be3 Ne5 11.Rc1 Bd7 12.O-O Rb8 13.a4 Qa5 14.b3 Rfc8 15.Qd2 Nc6
16.Rfd1 Qb4 17.Nc2 Qa5 18.Nd4 Qh5 19.Bf1 Qa5 20.Kh1 Qd8 21.Kg1 Na5 22.Qa2 Nc6
23.Qd2 Qe8 24.Nd5 Qd8 25.Nc3 Nh5 26.g4 Nf6 27.Kh1 Ne5 28.h3 h5 29.g5 Nh7
30.f4 Nc6 31.Bg2 Nf8 32.Qf2 Ne6 33.Nxe6 fxe6 34.Bb6 Qe8 35.Qd2 Nd8 36.e5 Nf7
37.Ne4 Bc6 38.exd6 exd6 39.Nxd6 Nxd6 40.Qxd6 Bxg2+ 41.Kxg2 Rc6 42.Qxb8 Qxb8
43.Rd8+ Qxd8 44.Bxd8 Rd6 45.Ba5 Rd3 46.c5 Rxb3 47.c6 bxc6 48.Rxc6 Rb2+ 49.Kf3 Rb3+
50.Kg2 Rb2+ 51.Kf3 Rb3+ 52.Kg2 Rb2+  1/2-1/2

[Event "Podillya It"]
[Site "Khmelnitsky UKR"]
[Date "2008.09.28"]
[Round "3"]
[White "Chudinovskikh,A"]
[Black "Harutjunyan,G"]
[Result "1-0"]
[WhiteElo "2371"]
[BlackElo "2441"]

1.e4 c5 2.Nf3 d6 3.Bb5+ Bd7 4.Bxd7+ Qxd7 5.c4 Nf6 6.Nc3 g6 7.d4 cxd4 8.Nxd4 Bg7
9.h3 O-O 10.Be3 Nc6 11.O-O Rac8 12.b3 Rfd8 13.Qf3 a6 14.Rac1 Ne5 15.Qe2 Qe8
16.f4 Ned7 17.Nf3 e6 18.Qf2 Qe7 19.Qh4 e5 20.f5 b5 21.Bg5 Qf8 22.fxg6 fxg6
23.Nd2 h6 24.Be3 g5 25.Qg3 Qe7 26.cxb5 axb5 27.Nxb5 Nf8 28.Nc3 Ng6 29.Nd5 Nxd5
30.exd5 Qb7 31.Rxc8 Rxc8 32.Qg4 Kh7 33.Nc4 Ra8 34.Qe4 Rxa2 35.Nxd6 Qxb3 36.Nf5 Ra4
37.Rb1 Qa2 38.Qd3 Ra3 39.Qd1 e4 40.Rb7 Rxe3 41.Rxg7+ Kh8 42.Qc1  1-0

[Event "17th CRO-chT 1b"]
[Site "Sibenik CRO"]
[Date "2008.09.28"]
[Round "2"]
[White "Viskic,P"]
[Black "Zufic,M"]
[Result "0-1"]
[WhiteElo "2222"]
[BlackElo "2429"]

1.e4 c5 2.Nf3 d6 3.Bb5+ Nd7 4.d3 Nf6 5.O-O e6 6.Re1 Be7 7.c3 a6 8.Ba4 O-O
9.d4 e5 10.Bb3 b5 11.a4 Bb7 12.Nbd2 Rc8 13.axb5 axb5 14.d5 c4 15.Bc2 Nc5
16.Nf1 Ra8 17.Rb1 Bc8 18.h3 Ne8 19.Be3 Qc7 20.N3d2 g6 21.f4 Bh4 22.g3 exf4
23.Bxf4 Bf6 24.g4 Be5 25.Bh6 Ng7 26.Nf3 Qe7 27.Nxe5 dxe5 28.Qd2 Rd8 29.Re2 Ne8
30.Qe3 Nb7 31.Rf2 Nbd6 32.Ng3 f6 33.Qf3 Nf7 34.Be3 Ra6 35.b4 Qf8 36.Kh2 Qg7
37.Bd1 Bd7 38.Rbb2 Rda8 39.Qg2 Ra1 40.Be2 R8a3 41.Bd2 R3a2 42.Rxa2 Rxa2 43.Bf1 Ra3
44.Kg1 Ned6 45.Be1 Kf8 46.Ra2 Rxa2 47.Qxa2 Qh6 48.Qe2 Qc1 49.Bd2 Qb1 50.Kh2 Ke7
51.Bg2 Ng5 52.h4 Ngf7 53.Bf3 Qa1 54.Kg2 Qb1 55.Kh2 Kd8 56.Be3 Ke7 57.Bd2 Kd8
58.Be3 Qa1 59.Bd2 Qb2 60.Kg2 Kc8 61.Kh2 Qc2 62.Kg2 f5 63.exf5 gxf5 64.gxf5 Nxf5
65.Be4 Nxh4+ 66.Kf2 Qa2 67.Bxh7 Nd6 68.Be1 Qxe2+ 69.Kxe2 Bg4+ 70.Ke3 Ng2+
71.Kd2 Bf3 72.Bg8 Ne8 73.Nf5 Nxe1 74.Kxe1 Be4 75.Be6+ Kc7 76.Ng3 Nf6 77.Kd2 Kd6
78.Bf7 Bxd5 79.Bg6 e4 80.Ke3 Ke5 81.Bf5 Bc6 82.Bc8 Nd5+ 83.Kd2 e3+ 84.Kc2  0-1

[Event "Tatry Open"]
[Site "Tatranske Zruby SVK"]
[Date "2008.09.28"]
[Round "2"]
[White "Veres,An"]
[Black "Moranda,W"]
[Result "0-1"]
[WhiteElo "2145"]
[BlackElo "2533"]

1.e4 c5 2.Nf3 d6 3.Bb5+ Nc6 4.O-O Bd7 5.c3 Nf6 6.Re1 a6 7.Bxc6 Bxc6 8.d4 Bxe4
9.Bg5 Bd5 10.Nbd2 e6 11.c4 Bxf3 12.Qxf3 cxd4 13.Bxf6 gxf6 14.Qxb7 Rb8 15.Qxa6 f5
16.b3 Bg7 17.Qc6+ Qd7 18.Qxd7+ Kxd7 19.a3 e5 20.Rad1 Rhf8 21.Rb1 h5 22.h3 e4
23.g4 hxg4 24.hxg4 Bh6 25.Nf1 Rg8 26.Ng3 Rxg4 27.Kf1 Rbg8 28.Ke2 d3+ 29.Kd1 e3  0-1

[Event "17th CRO-chT 1b"]
[Site "Sibenik CRO"]
[Date "2008.09.29"]
[Round "3"]
[White "Brnas,A"]
[Black "Zivkovic,Ni"]
[Result "1-0"]
[WhiteElo "2308"]
[BlackElo "2192"]

1.e4 c5 2.Nf3 d6 3.Bb5+ Nc6 4.O-O Bd7 5.c3 Nf6 6.Re1 a6 7.Bf1 Bg4 8.d3 e6
9.Nbd2 Be7 10.h3 Bh5 11.a4 O-O 12.g4 Bg6 13.Nh4 Nd7 14.Ng2 e5 15.Ne3 Re8
16.Nd5 Bf8 17.Nc4 Rb8 18.a5 h6 19.Bg2 Nf6 20.Nxf6+ Qxf6 21.Nb6 Qd8 22.Qa4 Be7
23.Nd5 Bg5 24.f4 exf4 25.Nxf4 Ne5 26.Qd1 Bh7 27.Rf1 Nc6 28.Qa4 Rc8 29.Qa2 Rf8
30.Bd2 Ne5 31.Qd5 Qd7 32.d4 cxd4 33.cxd4 Nd3 34.Ra3 Nxf4 35.Bxf4 Bxf4 36.Rxf4 Rc1+
37.Kh2 Qe7 38.Rb3 Rc7 39.Rb6 Rd7 40.Rf2 Re8 41.Re2 Rc8 42.Qb3 d5 43.e5 Rc4
44.Bxd5 Rxd4 45.Bg2 Rd2 46.Qe3 R2d3 47.Qf2 Rc7 48.e6 f6 49.Rd2 Bg6 50.Rxd3 Bxd3
51.Qd4 Bb5 52.Rd6 Rc8 53.Be4 Be8 54.Kg3 Kf8 55.h4 Rc1 56.Rd8 Qxe6 57.Qb4+ Qe7
58.Bg6  1-0

[Event "17th CRO-chT 1b"]
[Site "Sibenik CRO"]
[Date "2008.09.29"]
[Round "3"]
[White "Bogut,Z"]
[Black "Kazhgaleyev,M"]
[Result "1-0"]
[WhiteElo "2464"]
[BlackElo "2641"]

1.e4 c5 2.Nf3 d6 3.Bb5+ Nc6 4.d4 cxd4 5.Qxd4 Bd7 6.Bxc6 Bxc6 7.Nc3 h6 8.Be3 e5
9.Qd3 Nf6 10.O-O-O Be7 11.h3 Rc8 12.Kb1 b5 13.Nd2 b4 14.Nd5 Nxd5 15.exd5 Ba4
16.Rc1 O-O 17.g4 Qd7 18.Ne4 a5 19.Rhg1 Bb5 20.Qd2 a4 21.g5 Kh7 22.h4 b3 23.gxh6 g6
24.Bg5 bxc2+ 25.Rxc2 Qf5 26.Nc3 Rxc3 27.bxc3 f6 28.Be3 Bd3 29.Rc1 Qe4 30.Ka1 Bxc2
31.Qxc2 Qxh4 32.f4 exf4 33.Qxa4 f5 34.Bd4 f3 35.Qd7 Kxh6 36.Bf2 Rd8 37.Qe6 Qxf2
38.Qxe7 Kh5 39.Qxd8 g5 40.Qxd6 Qd2 41.Rh1+ Kg4 42.Rg1+ Kh5 43.Qe5 f2 44.Qe8+ Kh6
45.Rh1+ Kg7 46.Qh8+  1-0

[Event "ch-Commonwealth"]
[Site "Nagpur IND"]
[Date "2008.09.30"]
[Round "3"]
[White "Thakur,Ak"]
[Black "Lobo,Ri2"]
[Result "1-0"]
[WhiteElo "2276"]
[BlackElo "1979"]

1.e4 c5 2.Nf3 d6 3.Bb5+ Nd7 4.d4 Nf6 5.Nc3 a6 6.Bxd7+ Nxd7 7.O-O b6 8.e5 e6
9.dxc5 Nxc5 10.b4 Nb7 11.Rb1 d5 12.Be3 b5 13.a4 Qc7 14.Qd3 bxa4 15.Nxa4 Nd8
16.Rfc1 Nc6 17.c4 Nxb4 18.Qd2 Rb8 19.cxd5 Qa5 20.Nb6 Bb7 21.dxe6 Be7 22.Qd7+ Kf8
23.Qc7 Nc6 24.Rxc6  1-0

[Event "ch-Commonwealth"]
[Site "Nagpur IND"]
[Date "2008.09.30"]
[Round "4"]
[White "Yashas,D"]
[Black "Das,Debas"]
[Result "0-1"]
[WhiteElo "1992"]
[BlackElo "2118"]

1.e4 c5 2.Nf3 d6 3.Bb5+ Nc6 4.O-O Bd7 5.Re1 Nf6 6.c3 a6 7.Bf1 Bg4 8.d3 e6
9.Be3 Be7 10.Nbd2 O-O 11.d4 cxd4 12.cxd4 d5 13.e5 Ne4 14.Be2 Qb6 15.Nxe4 dxe4
16.d5 Bc5 17.Bxc5 Qxc5 18.dxc6 exf3 19.Bxf3 Bxf3 20.Qxf3 bxc6 21.Rac1 Qd5
22.Rxc6 Qxa2 23.Qa3 Qxa3 24.bxa3 Rfb8 25.Rec1 h6 26.f4 a5 27.R6c4 Rb3 28.R1c3 a4
29.Rxa4 Rb1+  0-1

[Event "58th TCh m 1st Div"]
[Site "Borovets BUL"]
[Date "2008.10.01"]
[Round "1"]
[White "Georgiev,Kr"]
[Black "Drenchev,P"]
[Result "1/2-1/2"]
[WhiteElo "2453"]
[BlackElo "2443"]

1.e4 c5 2.Nf3 d6 3.Bb5+ Bd7 4.Bxd7+ Qxd7 5.O-O Nf6 6.Re1 Nc6 7.c3 e6 8.d4 cxd4
9.cxd4 d5 10.e5 Ne4 11.Nbd2 Nxd2 12.Bxd2 Be7 13.Rc1 O-O 14.a3 Rfc8 15.Rc3 a6
16.Qb1 Na7 17.Rec1 Rxc3 18.Rxc3 Rc8 19.Qc2 Rxc3 20.Qxc3 Qc6 21.Qxc6 Nxc6
22.Kf1 f6 23.exf6 Bxf6 24.Bc3 Kf7 25.Ke2 h5 26.h3 Ke7 27.Kd3 Kd6 28.b3 Kd7
29.Bb2 Kd6 30.Bc3 Kd7 31.Bb2 Kd6  1/2-1/2